1236 1779 1978 1453 1386 1087 1889 1987 1365 1819 1464 1360 1467 1400 1378 1256 1765 1149 1591 1057 1050 1263 1251 1078 1189 1563 1205 1233 1975 1861 1202 1968 1152 1710 1719 1721 1912 1710 1235 1780 1685 1077 1264 1561 1945 1591 1540 1114 1676 1436 1592 1164 1141 1666 1663 1801 1787 1236 1188 1290 1220 1279 1440 1452 1217 1510 1046 1312 1549 1564 1423 1559 1242 1261 1594 1564 1432 1573 1236 1987 1915 1262 1170 1148 1552 1932 1076 1184 1286 1750 1997 1693 1156 1299 1291 1846 1782 1166 1683 BCNSPRNW ULIB Ver.6.0+V

เปลี่ยนเป็นภาษาไทย

Change to English
 แสดงรายละเอียดบรรณานุกรม
  กลับหน้าหลัก

Brief Record : Get Marc (ISO 2709) : E-mail record : QR code < ปิดหน้าต่าง
LEADER : 00000nam 2200000uu 4500
001    13399128705
003     ULIB
008    240801s2566||||th 000 0 tha d
020    ^a9789742931872 (ล.1)
020    ^a9742931879
060 04 ^aWY157^bก496ก^cล.1
110 1  ^aกระทรวงสาธารณสุข. ^bสถาบันพระบรมราชชนก.^bโครงการสวัสดิการวิชาการ
245 00 ^aการพยาบาลสูติศาสตร์ เล่ม1 /^cบรรณาธิการ, วรรณรัตน์ จงเจริญยานนท์
250    ^aพิมพ์ครั้งที่ 13
260    ^aนนทบุรี :^bโครงการสวัสดิการวิชาการ สถาบันพระบรมราชชนกกระทรวงสาธารณสุข,^c2566
300    ^a323 หน้า:^bภาพประกอบ ;^c26 ซม.
650  7 ^aการพยาบาลสูติศาสตร์
700 0  ^aวรรณรัตน์ จงเจริญยานนท์,^eบรรณาธิการ
710 2  ^aกระทรวงสาธารณสุข. ^bสถาบันพระบรมราชชนก.^bโครงการสวัสดิการวิชาการ
945    ^p180^l0^i010560
945    ^p180^l0^i010566
945    ^p180^l0^i010567
945    ^p180^l0^i010568
945    ^p180^l0^i010569
945    ^p180^l0^i010570
945    ^p180^l0^i010571
945    ^p180^l0^i010572
945    ^p180^l0^i010573
945    ^p180^l0^i010574
945    ^p180^l0^i010575
945    ^p180^l0^i010576
999    ^aประนอม เกษจรัล
รายการนี้ยังไม่มีแท็ก
คุณยังไม่ได้ล็อกอิน คุณสามารถมีกิจกรรมร่วมกับเว็บไซต์ได้ แต่ต้องล็อกอินก่อน ::
  ล็อกอิน

รายการสื่อสารสนเทศ

ลำดับที่ ประเภท เลขเรียก/บาร์โค้ด สถานที่ สถานะ
1. Book การพยาบาล
หนังสือสำรอง
สถานะ=หนังสือสำรอง
WY157 ก496ก ล.1 ฉ.1 
  Barcode: 010560
ห้องสมุดวิทยาเขตสวรรค์ประชารักษ์
►หนังสือทั่วไป
บนชั้น
2. Book การพยาบาล
Book การพยาบาล
WY157 ก496ก ล.1 ฉ.10 
  Barcode: 010574
ห้องสมุดวิทยาเขตสวรรค์ประชารักษ์
►หนังสือทั่วไป
บนชั้น
3. Book การพยาบาล
Book การพยาบาล
WY157 ก496ก ล.1 ฉ.11 
  Barcode: 010575
ห้องสมุดวิทยาเขตสวรรค์ประชารักษ์
►หนังสือทั่วไป
บนชั้น
4. Book การพยาบาล
Book การพยาบาล
WY157 ก496ก ล.1 ฉ.12 
  Barcode: 010576
ห้องสมุดวิทยาเขตสวรรค์ประชารักษ์
►หนังสือทั่วไป
บนชั้น
5. Book การพยาบาล
Book การพยาบาล
WY157 ก496ก ล.1 ฉ.2 
  Barcode: 010566
ห้องสมุดวิทยาเขตสวรรค์ประชารักษ์
►หนังสือทั่วไป
บนชั้น
6. Book การพยาบาล
Book การพยาบาล
WY157 ก496ก ล.1 ฉ.3 
  Barcode: 010567
ห้องสมุดวิทยาเขตสวรรค์ประชารักษ์
►หนังสือทั่วไป
บนชั้น
7. Book การพยาบาล
Book การพยาบาล
WY157 ก496ก ล.1 ฉ.4 
  Barcode: 010568
ห้องสมุดวิทยาเขตสวรรค์ประชารักษ์
►หนังสือทั่วไป
บนชั้น
8. Book การพยาบาล
Book การพยาบาล
WY157 ก496ก ล.1 ฉ.5 
  Barcode: 010569
ห้องสมุดวิทยาเขตสวรรค์ประชารักษ์
►หนังสือทั่วไป
ถูกยืม กำหนดส่งวันที่ 25 กรกฎาคม 2568
  จอง
9. Book การพยาบาล
Book การพยาบาล
WY157 ก496ก ล.1 ฉ.6 
  Barcode: 010570
ห้องสมุดวิทยาเขตสวรรค์ประชารักษ์
►หนังสือทั่วไป
บนชั้น
10. Book การพยาบาล
Book การพยาบาล
WY157 ก496ก ล.1 ฉ.7 
  Barcode: 010571
ห้องสมุดวิทยาเขตสวรรค์ประชารักษ์
►หนังสือทั่วไป
บนชั้น
11. Book การพยาบาล
Book การพยาบาล
WY157 ก496ก ล.1 ฉ.8 
  Barcode: 010572
ห้องสมุดวิทยาเขตสวรรค์ประชารักษ์
►หนังสือทั่วไป
บนชั้น
12. Book การพยาบาล
Book การพยาบาล
WY157 ก496ก ล.1 ฉ.9 
  Barcode: 010573
ห้องสมุดวิทยาเขตสวรรค์ประชารักษ์
►หนังสือทั่วไป
บนชั้น

รายการใกล้เคียง
    หัวเรื่อง [การพยาบาลสูติศาสตร์]

BibComment


ยังไม่เคยถูกคอมเมนท์

คอมเมนท์ทรัพยากรรายการนี้
  คอมเมนท์: การพยาบาลสูติศาส..


 Copyright 2026. Bcnsprnw @Library